[Event "11th Chennai Open-GM 2019"]
[Site "Chennai"]
[Date "2019.01.25"]
[Round "10"]
[White "Megaranto, Susanto"]
[Black "Pranesh M"]
[Result "1-0"]
[WhiteElo "2530"]
[BlackElo "2125"]
[Annotator "TA"]
[PlyCount "153"]
[EventDate "2019.01.18"]
[EventType "swiss"]
[EventCountry "IND"]
[SourceTitle "playchess.com"]
[Source "ChessBase"]
[SourceQuality "1"]

{[%evp 23,152,33,36,33,33,26,34,40,38,39,47,24,28,32,41,35,33,33,41,39,41,34,33,33,30,43,61,54,67,62,97,93,127,105,95,102,100,95,205,201,206,216,216,201,204,183,327,316,323,283,302,294,289,292,275,185,314,324,338,333,340,335,325,324,312,304,400,381,406,400,446,472,464,428,1187,1216,922,717,1440,1254,29980,29981,29980,29982,29982,29983,29983,29984,29985,29986,29986,29987,29987,29988,29989,29990,29989,29990,29990,29990,29990,29990,29991,29992,29992,29993,29993,29993,29993,29993,29993,29994,29994,29995,29996,29995,29995,29996,29996,29996,29997,29997,29997,29997,29997,29997,29997,29998,29998,29999,29999]} 1. d4 Nf6 2. Nf3 d5 3. Bg5 e6 4. e3 Be7 5. c4 h6 6. Bh4 O-O 7. Nc3 Nbd7 8. Rc1 c6 9. Bd3 b6 10. O-O Bb7 11. cxd5 exd5 12. Qc2 Re8 {LiveBook: 7 Games. D36: Queen's Gambit Declined: Exchange Variation: Main line (5 Bg5 c6 6 Qc2)} 13. Bf5 (13. Rfd1 a6 14. a3 c5 15. dxc5 bxc5 16. Bf5 Nb6 {½-½ (16) Fominyh,A (2441)-Ilincic,Z (2407) Kecskemet 2015}) 13... Nh5 14. Bxe7 Qxe7 {White has an edge.} 15. b4 $146 ({Predecessor:} 15. Rfd1 Nhf6 16. a3 g6 17. Bh3 Rad8 18. b4 Ba6 19. Qa4 Nb8 20. Ne5 {½-½ (28) Sanchez Jimenez,J (2275)-Almagro Mazariegos,S (2095) Torredelcampo 1996}) 15... Nhf6 16. Qb3 b5 17. a4 bxa4 18. Qxa4 Nb6 19. Qa5 Nc4 20. Qc5 a5 21. Qxe7 Rxe7 22. bxa5 Rxa5 23. Ra1 Rxa1 24. Rxa1 Nd6 25. Bd3 Nd7 26. Na4 Re8 27. Nc5 $36 {[%mdl 2048] Black is under strong pressure.} Rd8 28. Ne5 Nxc5 29. dxc5 f6 30. Ng6 Ne8 (30... Ne4 $16 {was necessary.}) 31. Ra7 $18 Rb8 32. Ne7+ Kf8 {[#]} 33. Nf5 $1 Bc8 34. Nd4 Rb2 (34... g5 $142 35. Nxc6 Rb7) 35. h4 (35. Nxc6 Rd2 $16) 35... Bb7 36. Ba6 Rb1+ 37. Kh2 Bxa6 38. Rxa6 {[%mdl 4096] Endgame KRN-KRN} Rc1 39. Ra5 ({Don't take} 39. Rxc6 $6 Ke7 $16) 39... Nc7 (39... g6 {might work better.} 40. Nxc6 Nc7) 40. Ra7 ({Less strong is} 40. Nxc6 Ne6 $16) 40... Nb5 41. Ne6+ {[%mdl 64] Double Attack} Ke8 42. Nxg7+ ({Weaker is} 42. Rxg7 Rc4 $16) 42... Kf8 43. Ne6+ Ke8 44. Rh7 Nc3 45. Rxh6 Ne4 46. f3 Nxc5 47. Nxc5 Rxc5 48. Rxf6 {KR-KR} Rc4 (48... Ke7 $142) 49. g4 Ke7 50. Rf5 Rc3 51. h5 Rxe3 52. h6 {White mates.} Kd6 53. h7 Re8 54. g5 Ke6 55. g6 Rh8 {[#]} 56. Rf8 $1 {[%mdl 576] Promotion} Rxf8 {KR-K3P} 57. g7 Rd8 58. g8=Q+ Rxg8 59. hxg8=Q+ Ke5 60. Qg5+ Kd4 61. Qd2+ Kc5 62. Qc3+ Kd6 63. f4 {[%cal Bf3f4,Bf4f5,Bf5f6][%mdl 32]} c5 64. Qe5+ Kc6 65. Qe6+ Kb5 66. Qxd5 Kb4 67. f5 c4 68. f6 c3 69. Qa2 c2 70. Qxc2 Ka3 71. Qb1 Ka4 72. Kg3 Ka5 73. Kf4 Ka6 74. Ke5 Ka5 75. Kd5 Ka4 76. Kc4 {[%csl Gc4][%cal Rb1b4]} Ka3 77. Qb3# {Accuracy: White = 85%, Black = 44%.} 1-0

[Event "11th Chennai Open-GM 2019"]
[Site "Chennai"]
[Date "2019.01.25"]
[Round "10"]
[White "Gajek, Radoslaw"]
[Black "Suvrajit, Saha"]
[Result "1/2-1/2"]
[WhiteElo "2481"]
[BlackElo "2221"]
[Annotator "TA"]
[PlyCount "153"]
[EventDate "2019.01.18"]
[EventType "swiss"]
[EventCountry "IND"]
[SourceTitle "playchess.com"]
[Source "ChessBase"]
[SourceQuality "1"]

{[%evp 11,153,31,31,10,31,11,41,50,38,60,54,43,46,31,54,44,71,50,154,112,131,54,256,264,261,271,319,372,327,350,207,42,42,42,45,45,48,39,49,46,59,0,0,0,14,11,16,18,18,15,18,15,15,12,15,11,37,36,62,61,104,50,45,43,61,38,38,38,38,38,115,91,91,90,91,83,305,142,541,541,541,541,553,97,98,84,121,54,52,45,62,15,16,17,20,15,15,15,15,32,33,31,79,79,79,79,78,77,80,79,79,79,79,79,78,77,77,77,76,57,47,0,0,0,13,0,0,0,0,0,0,0,0,0,0,0,0,0,0,0,0,0,0,0]} 1. Nf3 d5 2. g3 Nf6 3. Bg2 e6 4. d4 b5 5. O-O Nbd7 6. a4 b4 7. c4 {D02: 1 d4 d5 2 Nf3 sidelines, including 2...Nf6 3 g3 and 2...Nf6 3 Bf4} bxc3 8. Nxc3 c5 (8... Bb7 9. Bf4 a6 10. Rc1 Be7 11. b4 Bxb4 {1-0 (32) Mikhalevski,V (2579)-Riazantsev,A (2649) St Petersburg 2018}) 9. Bf4 {White is slightly better.} Ba6 10. Re1 Be7 11. e4 $146 ({Predecessor:} 11. Ne5 cxd4 12. Nb5 g5 13. Nc6 {1-0 (35) Majer,J (2217)-Krensing,J (2315) Pardubice 2011}) 11... Nxe4 12. Nxe4 dxe4 13. Ne5 Nxe5 14. Bxe5 f6 (14... O-O $1 $14) 15. Bxe4 $16 Rc8 {[#]} 16. Bf4 $1 Qxd4 $2 (16... cxd4 $14 17. Qg4 {[%mdl 64] Double Attack} Kf7) 17. Qh5+ $18 Kf8 18. b3 Qd7 19. Rad1 Qe8 20. Qf3 c4 (20... h5 {was called for.} 21. Bd6 h4) 21. Bb7 $2 (21. bxc4 $18 {And now Bd6 would win.} Bxc4 22. Bb7) 21... Bxb7 $14 22. Qxb7 Qc6 23. Rd7 Qxb7 24. Rxb7 e5 25. bxc4 Kf7 26. Rxa7 (26. Be3 $14) 26... Ra8 $1 $11 {[%cal Ra8a7]} 27. Rc7 Rhc8 28. Rxc8 Rxc8 {[%mdl 4096] Endgame KRB-KRB} 29. Be3 Rxc4 30. Ra1 $1 Rc6 $1 31. a5 {[#] Hoping for a6.} Ra6 32. Bb6 Ke6 33. Kf1 h5 34. Rb1 f5 35. Ke2 e4 36. f3 ({White should try} 36. Kd2 $16) 36... exf3+ $1 $14 37. Kxf3 h4 38. g4 fxg4+ 39. Kxg4 Bf6 40. h3 g6 ({Black should play} 40... Kd5 $14) 41. Kf4 Be7 42. Ke4 Bf6 43. Kd3 Bd8 $2 (43... g5 $16) 44. Kc4 (44. Bxd8 $18 {is the precise move to win.} Rd6+ 45. Ke4 Rxd8 46. Rb6+ Kd7 47. Rxg6) 44... Bf6 $2 {[%mdl 8192]} (44... Rxa5 $16 45. Bxa5 (45. Bxd8 Rf5 $16) 45... Bxa5) 45. Kb5 $18 Ra8 46. a6 g5 47. Rb4 $2 (47. a7 $18 {and White stays clearly on top.}) 47... Be5 $16 48. Rg4 Kf5 49. a7 (49. Rc4 $16) 49... Bb8 $14 50. axb8=Q Rxb8 {KRB-KR} 51. Kc6 Rc8+ 52. Bc7 Re8 53. Ra4 Re6+ 54. Kd7 {Ra5+ is the strong threat.} Re3 55. Ra5+ Kg6 56. Bd8 Rd3+ 57. Ke8 Re3+ 58. Be7 Rg3 59. Re5 Rxh3 60. Rxg5+ Kh6 61. Kf7 {White wants to mate with Rf5.} Rg3 62. Rf5 {Bf8+ would kill now.} Rg7+ 63. Ke6 {Threatening mate with Bf8.} Rg4 64. Bf6 Kg6 65. Be5 Ra4 {White must now prevent ...Ra6+.} 66. Rf6+ Kg5 {The position is equal.} 67. Rf8 Ra6+ 68. Bd6 h3 69. Rg8+ Kh4 70. Rh8+ Kg4 71. Ke5 Rxd6 72. Kxd6 $11 {KR-KP} Kg3 73. Ke5 h2 74. Ke4 Kg2 75. Ke3 h1=Q 76. Rxh1 Kxh1 77. Ke4 {Accuracy: White = 58%, Black = 55%.} 1/2-1/2

[Event "11th Chennai Open-GM 2019"]
[Site "Chennai"]
[Date "2019.01.25"]
[Round "10"]
[White "Vignesh N R"]
[Black "Karthik Venkataraman"]
[Result "1/2-1/2"]
[WhiteElo "2461"]
[BlackElo "2515"]
[Annotator "TA"]
[PlyCount "62"]
[EventDate "2019.01.18"]
[EventType "swiss"]
[EventCountry "IND"]
[SourceTitle "playchess.com"]
[Source "ChessBase"]
[SourceQuality "1"]

{[%evp 13,62,0,0,-40,0,0,0,-15,0,-6,0,-10,-12,-13,-13,-12,-9,-7,-12,-7,-15,-14,0,-8,-10,-14,0,-5,0,0,0,0,0,0,0,0,0,0,7,0,0,0,0,0,0,0,0,0,0,0,0]} 1. d4 Nf6 2. c4 e6 3. Nf3 c5 4. Nc3 cxd4 5. Nxd4 Nc6 6. g3 Qb6 7. e3 {A33: Symmetrical English: 2 Nf3 Nf6 3 d4 cxd4 4 Nxd4 e6 5 Nc3 Nc6} (7. Nc2 Bc5 8. e3 d5 9. cxd5 Nxd5 10. Nxd5 exd5 11. Bg2 O-O 12. O-O Rd8 13. a3 Be7 14. b4 Bf6 15. Rb1 {0-1 (25) Wei,Y (2729)-So,W (2780) chess.com INT 2018}) 7... Bb4 {LiveBook: 17 Games} 8. Qd3 d5 $146 (8... O-O {seems wilder.} 9. Be2 e5 10. Nb3 e4 11. Qc2 Bxc3+ 12. bxc3 d6) ({Predecessor:} 8... O-O 9. Nf3 d5 10. a3 dxc4 11. Qxc4 Be7 12. Na4 Qa5+ 13. Bd2 Qh5 14. Bg2 Bd7 {0-1 (33) Hribar,J (2139)-Rukavina,J (2398) Pula 2008}) 9. cxd5 $1 {The position is equal.} Nxd5 10. Bd2 Nxc3 11. Bxc3 Bxc3+ (11... Rb8 {keeps more tension.} 12. Bg2 Nxd4 13. exd4 Bd7 14. Bxb4 Qxb4+ 15. Qd2 Qxd2+ 16. Kxd2 Ke7) 12. Qxc3 Nxd4 13. Qxd4 Qxd4 14. exd4 Bd7 15. Bg2 Rc8 16. Kd2 Ke7 17. Rhc1 Kd6 18. Rc3 Rxc3 19. bxc3 $11 {[%mdl 4096] Endgame KRB-KRB} b5 20. Be4 Rc8 21. h4 e5 22. dxe5+ Kxe5 23. Bc2 (23. Bxh7 g6 $17) 23... Rb8 24. Re1+ ({But not} 24. Bxh7 g6 $17) 24... Kf6 25. Re4 ({Reject} 25. Bxh7 g6 $17) 25... Be6 26. a3 Rd8+ 27. Ke3 Rc8 {[#] Hoping for ...Bf5.} 28. Kd2 Rd8+ 29. Ke3 Rc8 30. Kd2 Rd8+ 31. Ke3 Rc8 {Accuracy: White = 67%, Black = 54%.} 1/2-1/2

[Event "11th Chennai Open-GM 2019"]
[Site "Chennai"]
[Date "2019.01.25"]
[Round "10"]
[White "Khusenkhojaev, Muhammad"]
[Black "Ritviz, Parab"]
[Result "1-0"]
[WhiteElo "2455"]
[BlackElo "2362"]
[Annotator "TA"]
[PlyCount "61"]
[EventDate "2019.01.18"]
[EventType "swiss"]
[EventCountry "IND"]
[SourceTitle "playchess.com"]
[Source "ChessBase"]
[SourceQuality "1"]

{[%evp 21,61,6,18,18,22,22,22,21,17,19,18,16,25,-8,-11,-52,-37,-71,78,89,81,89,68,48,102,96,277,250,248,114,117,114,104,112,121,109,420,410,699,393,1671,1604]} 1. d4 Nf6 2. c4 e6 3. g3 d5 4. Bg2 Bb4+ 5. Bd2 Be7 6. Nf3 O-O 7. O-O Nbd7 8. Qc2 c6 9. b3 b6 10. Rd1 Ba6 11. a4 Rc8 12. a5 {E15: Queen's Indian: 4 g3 sidelines, 4 g3 Ba6 and 4 g3 Bb7 early deviations} c5 13. axb6 Qxb6 14. Qa2 {The position is equal.} Bb7 15. Ba5 Qa6 16. dxc5 Nxc5 17. b4 Nce4 18. c5 Ng4 19. Nd4 e5 {[#]} (19... Ngxf2 $17 {keeps the pressure on.} 20. Rf1 (20. b5 Qxa5 21. Qxa5 Bxc5 $17) 20... e5) 20. Nf5 $146 {[%cal Rf5e7][%mdl 2048] White is really pushing.} Qf6 21. Nxe7+ Qxe7 22. f3 $1 {[%cal Rf3g4]} Qg5 (22... Qf6 $1 $14 23. Bh3 {[%mdl 64] Pin} (23. fxg4 Qf2+ 24. Kh1 d4 $11) (23. fxe4 Qh6 $11) 23... Qh6 24. Bxg4 Qe3+ 25. Kg2 Qf2+ 26. Kh1 Rc6 27. fxe4 Rh6) 23. Qb3 Qe3+ $2 (23... Nxh2 $16 {was worth a try.} 24. fxe4 Ng4) 24. Qxe3 $18 Nxe3 25. fxe4 (25. Rd3 $18 {is more deadly.} Nxg2 26. fxe4) 25... Nxd1 $16 26. exd5 {[%cal Be4d5,Bd5d6,Bd6d7][%mdl 32]} Ne3 27. Nc3 {c6 is the strong threat.} f5 28. c6 {[%cal Bc5c6,Bc6b7][%mdl 32]} Nxg2 $2 {[%mdl 8192]} (28... Bxc6 $16 29. dxc6 Nxg2) 29. cxb7 $18 ({Weaker is} 29. Kxg2 Bxc6 30. dxc6 Rxc6 $16) 29... Rxc3 {[#]} (29... Rb8 $142 30. Kxg2 Rxb7) 30. d6 $1 ({Worse is} 30. Kxg2 Rb8 $11) 30... Rc2 $2 (30... Ne3 31. d7 Rb3) 31. d7 {Accuracy: White = 57%, Black = 29%.} 1-0

[Event "11th Chennai Open-GM 2019"]
[Site "Chennai"]
[Date "2019.01.25"]
[Round "10"]
[White "Nitin, S.."]
[Black "Ramnathan, Balasubramaniam"]
[Result "1/2-1/2"]
[WhiteElo "2442"]
[BlackElo "2191"]
[Annotator "TA"]
[PlyCount "150"]
[EventDate "2019.01.18"]
[EventType "swiss"]
[EventCountry "IND"]
[SourceTitle "playchess.com"]
[Source "ChessBase"]
[SourceQuality "1"]

{[%evp 19,150,19,28,30,31,22,34,17,15,10,20,15,15,21,25,0,6,0,0,0,0,0,0,0,0,0,0,0,0,0,0,0,0,0,0,0,0,0,0,0,0,0,0,0,0,0,0,0,0,0,0,0,2,0,0,0,0,0,0,0,0,0,0,0,0,0,0,0,0,0,0,0,0,0,0,0,0,0,0,0,0,0,0,0,0,0,0,0,0,0,0,0,-4,-6,0,0,0,0,0,0,0,0,0,0,322,322,322,322,1011,1104,752,120,120,0,0,0,0,-40,-40,-40,-40,-40,-40,-40,-40,-40,-40,-40,0,-40,0,-128,0]} 1. e4 e5 2. Nf3 Nf6 3. Nc3 Bb4 4. Nxe5 O-O 5. Be2 Re8 6. Nd3 Bxc3 7. dxc3 Nxe4 8. Nf4 d6 9. O-O Nd7 10. c4 Ndf6 {LiveBook: 17 Games} 11. Be3 {C42: Petroff Defence: 3 Nxe5 and unusual White 3rd moves} (11. Re1 b6 12. f3 Nc5 13. b3 Qe7 14. Qd2 Qe5 15. Rb1 Bb7 16. Bb2 Qg5 17. Rbd1 h6 18. Nd5 Nxd5 19. cxd5 Qxd2 20. Rxd2 {½-½ (29) Svidler,P (2746)-Gashimov,V (2679) Dagomys 2008}) 11... b6 12. Re1 Bb7 {[%cal Bc8b7,Bb7f3,Bf3e4][%mdl 32]} 13. Bf3 {White is slightly better.} Qd7 14. Qd3 {[#]} Nc5 $146 ({Predecessor:} 14... Qf5 15. Ne2 Rab8 16. Nc3 Qg6 17. Nxe4 Nxe4 18. Re2 {½-½ (37) Fridman,R (2488)-Jussupow,A (2574) Netherlands 2011}) 15. Bxc5 Bxf3 16. Bd4 Be4 17. Qc3 Qg4 18. Bxf6 Qxf4 19. Bxg7 Qg4 {[%csl Ge4][%cal Rg4g2]} 20. f3 Bxf3 $1 21. Qxf3 Qxf3 22. gxf3 {Strongly threatening Bc3.} Kxg7 $11 {[%mdl 4096] Endgame KRR-KRR} 23. Kf2 Kf6 24. Rad1 Rxe1 25. Rxe1 {KR-KR} Rg8 26. Re4 Rg5 27. b3 Re5 28. Rd4 Rh5 29. Kg3 Re5 30. Kf2 Rg5 31. a4 Rh5 32. Kg3 Rg5+ 33. Kf2 a5 34. Rh4 Kg6 35. Re4 h5 36. Rd4 Kf6 37. Re4 Rc5 38. Rf4+ Kg6 39. Rd4 Re5 40. Rf4 c5 41. Re4 Kf5 42. Re3 Kf4 43. Rd3 Re6 44. Rd5 f5 45. h4 $1 Rg6 46. c3 Rf6 47. Rd3 Re6 48. Rd5 Rg6 49. Rd1 Rg3 50. Rd3 Rg6 51. Rd1 Re6 52. Rd3 Re5 53. b4 Re6 54. b5 $1 Re7 55. Rxd6 Re3 56. Rxb6 {Threatens to win with Rc6.} Rxc3 57. Ra6 $1 Rc2+ 58. Ke1 Kxf3 59. Rxa5 Ke3 {[%cal Rc2c1]} 60. Kd1 Rd2+ 61. Kc1 f4 $2 {[%mdl 8192]} (61... Rd4 $11 {and Black is okay.}) 62. b6 $18 f3 {( -> ...f2)} 63. Rxc5 {aiming for Re5+.} f2 $2 (63... Rd4 64. Re5+ (64. Rxh5 $2 f2 $19) 64... Kd3) 64. Rf5 Rd4 {[#]} 65. Kb2 $2 (65. Rxf2 $1 $18 {[%mdl 512] is the precise move to win. Rc2 is the strong threat.} Kxf2 66. c5) 65... Rxc4 $16 {[#]} 66. Ka3 (66. Kb3 $1 $16 {[%cal Rb3c4]} Rc1 67. a5) 66... Rc1 $1 $11 67. Ka2 Rc6 68. a5 {[#]} Rc5 $3 {[%cal Rc5f5][%mdl 512]} 69. Rxc5 {Rf5 would kill now.} f1=Q $15 {KQ-KR} 70. Rc3+ $1 Kd4 71. Rb3 Qe2+ 72. Ka3 Qe7+ 73. Kb2 {And now b7 would win.} Qe2+ (73... Qe5 $5 {[%cal Rd4c4]} 74. b7 Kc4+ 75. Ka2 Qxa5+ 76. Kb1 Qe1+ 77. Kc2 Qf2+ 78. Kb1 Qf5+ 79. Kb2 Qf2+ 80. Kb1 Qg1+ 81. Kb2 Qd4+ 82. Kc2 Qf2+ 83. Kb1 $19) 74. Ka3 Qe7+ (74... Qd1 $15 75. Kb2 Qd2+ 76. Kb1 Qe1+ 77. Kc2 Qf2+ 78. Kb1 Qe1+ 79. Kc2 Qf2+ 80. Kc1 Qf4+ 81. Kb1 Qf5+ 82. Kc1 Kc4) 75. Kb2 $17 {Hoping for b7.} Qe2+ {Precision: White = 84%, Black = 64%.} (75... Qe5 $17 76. b7 Kc4+ 77. Ka2 Qxa5+ 78. Kb1 Qe1+ 79. Ka2 Qa5+ 80. Kb1 Qf5+ 81. Ka1 Qa5+ 82. Kb1) 1/2-1/2

[Event "11th Chennai Open-GM 2019"]
[Site "Chennai"]
[Date "2019.01.25"]
[Round "10"]
[White "Sundararajan, Kidambi"]
[Black "Varshini, V."]
[Result "1-0"]
[WhiteElo "2436"]
[BlackElo "2171"]
[Annotator "TA"]
[PlyCount "67"]
[EventDate "2019.01.18"]
[EventType "swiss"]
[EventCountry "IND"]
[SourceTitle "playchess.com"]
[Source "ChessBase"]
[SourceQuality "1"]

{[%evp 23,67,31,33,17,36,10,40,37,83,70,78,63,111,102,193,190,178,135,216,214,240,230,225,216,286,228,227,249,245,279,273,269,437,364,1604,1566,6570,5977,5326,5110,2468,2521,1689,1622,1384,1375]} 1. d4 d5 2. c4 e6 3. Nc3 Nf6 4. Bg5 Be7 5. e3 Nbd7 6. Nf3 h6 7. Bh4 O-O 8. Rc1 a6 9. cxd5 exd5 10. Bd3 b6 11. O-O Bb7 12. Qc2 c5 {LiveBook: 4 Publish game on website} 13. Bf5 {D55: Queen's Gambit Declined: 4 Bg5 Be7: Lines without ...h6 and 6...h6 7 Bxf6} c4 14. Ne5 Re8 (14... b5 15. f3 Re8 16. Kh1 Nf8 17. g4 Bd6 18. f4 Qc7 19. Qg2 b4 20. g5 hxg5 21. Bxg5 {1-0 (32) Hawkins,J (2533)-Marin,M (2583) Douglas 2014}) 15. f4 {[%cal Bf2f4,Bf4e5][%mdl 32] White is slightly better.} Nf8 $146 ({You set blue moves yourself with the critical opening position annotation.:} 15... b5 16. g4 Nxe5 17. fxe5 Nd7 {1-0 (29) Godesar,R-Staniforth,M ICCF email 2013}) 16. a4 N6d7 17. Bg3 Nxe5 18. fxe5 ({Don't play} 18. dxe5 $6 Bc5 $11) 18... Bh4 (18... Bb4 $16) 19. Bxh4 $18 Qxh4 20. Rf4 {[%cal Bf1f4,Bf4g4,Bg4g6][%mdl 32]} Qd8 {[#]} (20... Qe7 $16) 21. Rcf1 $1 Re7 22. Qf2 Qe8 23. Rg4 b5 24. Qh4 Ng6 25. Bxg6 $1 fxg6 {[#]} 26. Rxg6 $1 {[%mdl 512]} b4 (26... Qxg6 27. Qxe7) 27. Ne2 {Strongly threatening &Bh6.} Rf7 $2 (27... a5 28. Nf4 Kh7) 28. Rff6 {[%cal Bf1f6,Bf6h6,Bh6h7,Bh7b7][%mdl 32]} Rc8 $2 {[#]} (28... Rxf6 29. Qxf6 Qf7 30. Qxf7+ Kxf7) 29. Rxh6 $1 {[%mdl 576] NOTEXT-4845. White is clearly winning.} gxh6 30. Rxh6 {White wants to mate with &Vh8.} Rh7 31. Rxh7 {White threatens &Vh8 and mate.} Qg6 32. Rxb7 {&Wf4 would kill now.} Qb1+ 33. Kf2 {Threatening mate with &Bg4.} Rf8+ 34. Nf4 {NOTEXT-4805: Tournament = 86%, Annotator = 26%.} 1-0

[Event "11th Chennai Open-GM 2019"]
[Site "Chennai"]
[Date "2019.01.25"]
[Round "10"]
[White "Neelotpal, Das"]
[Black "Shiva Pavan Teja Sharma U"]
[Result "1-0"]
[WhiteElo "2419"]
[BlackElo "2048"]
[Annotator "TA"]
[PlyCount "69"]
[EventDate "2019.01.18"]
[EventType "swiss"]
[EventCountry "IND"]
[SourceTitle "playchess.com"]
[Source "ChessBase"]
[SourceQuality "1"]

{[%evp 19,69,-35,2,-6,9,-10,22,22,43,29,59,58,62,58,81,34,68,41,80,75,218,223,220,222,275,244,306,306,366,366,345,240,409,334,315,306,410,392,430,425,505,456,681,654,713,729,750,740,1189,1182,1247,1225]} 1. Nf3 Nf6 2. d4 d5 3. c4 c6 4. g3 dxc4 5. Bg2 e6 6. O-O b5 7. a4 {E04: Open Catalan: 5 Nf3} Bb7 8. Ne5 a6 9. b3 (9. Nc3 Nd5 10. e4 Nxc3 11. bxc3 Be7 12. Rb1 Qc8 13. Qg4 g6 14. f4 Nd7 15. f5 Nxe5 16. dxe5 h5 17. Qf3 exf5 18. exf5 Qxf5 19. Qxc6+ Bxc6 20. Bxc6+ {½-½ (78) Inarkiev,E (2689)-Piorun,K (2651) Katowice 2017}) 9... cxb3 10. Bb2 Be7 {LiveBook: 4 Publish game on website} 11. Nd2 {[%cal Bb1d2,Bd2b3,Bb3c5][%mdl 32]} O-O 12. Nxb3 Nd5 $146 ({You set blue moves yourself with the critical opening position annotation.:} 12... Nfd7 13. Nd3 Ra7 14. Bc3 Ba8 {½-½ (79) Sieglen,J (2261)-Leyrer,T (1774) Berlin 2014}) 13. Nc5 Qc8 14. Qd2 {[%mdl 1024] White has compensation.} Rd8 15. Rfd1 Nb6 16. Qf4 Rf8 17. Qg4 $36 {[%mdl 2048] White has the initiative.} Nd5 18. Rac1 bxa4 19. Nxa4 Ra7 {[#]} (19... a5 $16 {was called for.}) 20. e4 $1 $18 Nf6 21. Qe2 a5 22. Qe3 c5 23. Nxc5 Bxc5 24. Rxc5 Qd8 25. Rcc1 {[#] Black must now prevent d5.} Ra8 $2 (25... Ra6 26. d5 exd5 27. exd5 Nbd7) 26. Ba3 Re8 27. Nc4 Na6 28. Nd6 Re7 29. d5 {White is clearly winning.} exd5 30. e5 Ng4 (30... Qb8 $142 31. Nxb7 Rxe5) 31. Qd4 h5 32. Nxb7 Rxb7 33. Bxd5 Qd7 34. Qe4 Rab8 35. Bxb7 {NOTEXT-4805: Tournament = 77%, Annotator = 10%.} 1-0

[Event "11th Chennai Open-GM 2019"]
[Site "Chennai"]
[Date "2019.01.25"]
[Round "10"]
[White "Manik, Mikulas"]
[Black "Md.abzid, Rahman"]
[Result "1-0"]
[WhiteElo "2413"]
[BlackElo "2040"]
[Annotator "TA"]
[PlyCount "55"]
[EventDate "2019.01.18"]
[EventType "swiss"]
[EventCountry "IND"]
[SourceTitle "playchess.com"]
[Source "ChessBase"]
[SourceQuality "1"]

{[%evp 22,55,131,135,167,168,185,185,184,184,181,175,185,176,172,173,181,141,204,145,183,193,189,168,191,182,184,175,171,131,131,131,129,42,152,87]} 1. e4 c5 2. Nf3 {[%cal Bg1f3,Bf3d4,Bd4b5,Bb5a3,Ba3c4,Bc4e3][%mdl 32]} e6 3. d4 cxd4 4. Nxd4 Nf6 5. Nc3 Nc6 6. Ndb5 d6 7. Bf4 e5 8. Bg5 a6 9. Na3 Be6 10. Nc4 Be7 11. Bxf6 gxf6 12. Ne3 {LiveBook: 7 Games} Nd4 {B33: Sicilian: Pelikan and Sveshnikov Variations} (12... Rc8 13. Ncd5 O-O 14. c3 Kh8 15. Bd3 Rg8 16. O-O b5 17. b4 Bf8 18. a4 Rb8 19. axb5 axb5 20. Ra6 {1-0 (28) Nagy,G (2467)-Nadj Hedjesi,B (2343) Kecskemet 2016}) 13. Bd3 O-O 14. O-O Kh8 $146 ({Predecessor:} 14... b5 15. a4 Qd7 16. Ncd5 Rab8 17. c3 Nc6 18. axb5 axb5 19. Ra6 Bd8 20. Qe2 {1-0 (33) Isakov,A (2260)-Terentiev,S (1939) Syktyvkar 2012}) 15. Ncd5 Rg8 16. c3 Nc6 17. Qf3 Rg6 18. Rfd1 Bf8 19. Bf1 Bh6 (19... Ne7 $16 {was worth a try.} 20. Nxf6 Bh6) 20. Rd3 Bxe3 21. Nxe3 ({Don't play} 21. Qxe3 $6 f5 $14) 21... Qc7 22. Rd2 Ne7 23. Rad1 Rd8 24. h4 Kg7 25. b3 h5 26. g3 Qc6 27. Qxh5 (27. Be2 $16) 27... Qxc3 ({Better is} 27... Qxe4 $14 28. Kh2 (28. Rxd6 Rxg3+ 29. fxg3 Rxd6 $11) 28... Rxg3 29. fxg3 Qxe3) 28. Rxd6 {Precision: White = 50%, Black = 54%.} (28. Qf3 $142 Qc7 29. h5) 1-0

[Event "11th Chennai Open-GM 2019"]
[Site "Chennai"]
[Date "2019.01.25"]
[Round "10"]
[White "Girish, A. Koushik"]
[Black "Saurabh Anand"]
[Result "1-0"]
[WhiteElo "2411"]
[BlackElo "2210"]
[Annotator "TA"]
[PlyCount "65"]
[EventDate "2019.01.18"]
[EventType "swiss"]
[EventCountry "IND"]
[SourceTitle "playchess.com"]
[Source "ChessBase"]
[SourceQuality "1"]

{[%evp 26,65,-27,-22,-22,-16,0,0,54,56,64,60,56,50,56,44,49,42,41,19,25,26,18,27,623,602,814,798,1220,1217,1167,1187,1146,1135,1392,1361,1887,1845,1709,1616,1335,1078]} 1. Nf3 d5 2. c4 e6 3. g3 Nf6 4. b3 Be7 5. Bg2 O-O 6. O-O c5 7. Bb2 Nc6 8. e3 d4 9. exd4 cxd4 10. a3 a5 11. Re1 {A14: English Opening: 1...e6 with b3 by White} Bc5 12. d3 Re8 13. Nbd2 e5 14. Ng5 {LiveBook: 16 Games} Bf5 (14... Bf8 15. Rc1 Bg4 16. Bf3 Bxf3 17. Qxf3 Qe7 18. Nde4 Nxe4 19. Nxe4 {0-1 (36) Bauer,C (2658)-Fressinet,L (2708) Nimes 2014}) 15. Nge4 Nxe4 16. Nxe4 Bxe4 $146 (16... Be7 $11) ({Predecessor:} 16... Bf8 17. g4 Bg6 18. Ng3 Qd7 {1-0 (90) Bochev,K (2254)-Spasov,V (1888) ICCF email 2009}) 17. Bxe4 $14 Qd6 18. Bc1 Qd7 19. Ra2 f5 20. Bd5+ Kh8 21. Rae2 Bd6 22. f4 exf4 23. Bxf4 Bxf4 24. gxf4 Ne7 $2 {[%mdl 8192]} (24... h6 $11) 25. Bf7 $18 {White is clearly winning.} Qd6 26. Bxe8 Rxe8 27. Re6 Qxf4 28. Qh5 g6 29. Qe2 Kg8 30. Rxe7 {[#] White wants to mate with Qe6+.} Rxe7 31. Qxe7 Qg4+ 32. Kf2 Qf4+ {[#]} 33. Ke2 $1 {Accuracy: White = 82%, Black = 32%.} 1-0